OVERLORD (invasion of Normandy) Security: General De Gaulle's visit and French communications between Algiers and London

Bibliographic Details
Corporate Author: Adam Matthew Digital (Firm) (digitiser.)
Format: eBook
Language:English
Published: Marlborough, Wiltshire : Adam Matthew Digital, 2020.
Series:AM Scholar: World War Two Studies.
Subjects:
Online Access:Connect to the full text of this electronic book

MARC

Tag First Indicator Second Indicator Subfields
LEADER 00000cam a2200000Mi 4500
001 in00005482002
006 m o u
007 cr |n|---uuuuu
008 200205s2020 enk o ||| 0 eng d
005 20240917163332.0
035 |a (OCoLC)on1143482206 
040 |a UKAMD  |b eng  |c UKAMD  |d OCLCO 
035 |a (OCoLC)1143482206 
049 |a TXAM 
245 0 0 |a OVERLORD (invasion of Normandy) Security: General De Gaulle's visit and French communications between Algiers and London  |g 1944/02-1944/06. 
264 1 |a Marlborough, Wiltshire :  |b Adam Matthew Digital,  |c 2020. 
300 |a 1 online resource. 
336 |a text  |b txt  |2 rdacontent 
337 |a computer  |b c  |2 rdamedia 
338 |a online resource  |b cr  |2 rdacarrier 
490 1 |a AM Scholar: World War Two Studies. 
500 |a AMDigital Reference: PREM 3/345/1. 
534 |p Reproduction of:  |t OVERLORD (invasion of Normandy) Security: General De Gaulle's visit and French communications between Algiers and London  |c Feb - Jun 1944. 
535 1 |a The National Archives 
542 |f Crown Copyright. Material sourced from The National Archives 
588 0 |a Description based on online resource (viewed on February 5, 2020). 
655 7 |a Electronic books.  |2 local 
710 2 |a Adam Matthew Digital (Firm),  |e digitiser. 
830 0 |a AM Scholar: World War Two Studies. 
856 4 0 |u http://proxy.library.tamu.edu/login?url=https://www.amscholar.amdigital.co.uk/Documents/Details/CP_SERIES1_PREM3_PART8_REEL124_VOL1  |z Connect to the full text of this electronic book  |t 0 
955 |a Adam Matthew Scholar World War Two Studies 
994 |a 92  |b TXA 
999 f f |s b1d03906-42f9-4232-897a-823d4eceb621  |i 78da91d4-4b6d-4f5a-b33f-c8522b3ee689  |t 0 
952 f f |a Texas A&M University  |b College Station  |c Electronic Resources  |d Available Online  |t 0  |h Library of Congress classification 
998 f f |t 0  |l Available Online